| 000 | 00539nam a22001697a 4500 | ||
|---|---|---|---|
| 003 | BUBTL | ||
| 008 | 160105b xxu||||| |||| 00| 0 eng d | ||
| 020 | _a9788120322318 | ||
| 082 |
_22nd _a658.4038NIB |
||
| 100 | _dRobert C. Nickerson | ||
| 245 |
_aBusiness and Information System _cNickerson C.Robert |
||
| 260 |
_aNew Delhi _bPHI Learning _c2001c |
||
| 300 |
_a[25] 494p _bill,tables _c25cm _fComputer science |
||
| 856 |
_k0 _l0 _yDownload |
||
| 942 |
_2ddc _cBK |
||
| 999 |
_c5085 _d5085 |
||